If Africa Didn't Exist... - Statistics

General Stats
  • This quiz has been taken 1,296 times
    1,155 since last reset
  • The average score is 57 of 100
Answer Stats
% Correct
Child marriage prevalence | Elephant population India
90%
African population United States
88%
% of income of the richest 1% | African population Brazil
78%
# of people per household | % Malnourished | Child marriage prevalence | +4 others Afghanistan
77%
# of people per household | Child marriage prevalence | Highest poverty rate Pakistan
76%
# of people per household | % Malnourished Iraq
73%
% Malnourished | Fertility rate | Highest poverty rate | +3 others Yemen
73%
Child marriage prevalence | Gini coefficient | Lowest average BMI Bangladesh
72%
African population | HIV prevalence | Lowest electricity access | Lowest life expectancy Haiti
72%
Elephant population Indonesia
72%
Gini coefficient | Highest poverty rate Syria
70%
% Malnourished Venezuela
68%
Child marriage prevalence | Dependence on agriculture | Lowest average IQ Nepal
65%
Elephant population Thailand
64%
Lowest average BMI Vietnam
64%
Elephant population | Lowest electricity access Myanmar
62%
African population | Gini coefficient Colombia
61%
% Malnourished | Lowest average BMI | Lowest electricity access | Poorest North Korea
61%
Intentional death rate | Lowest average IQ Honduras
59%
# of people per household Oman
59%
Lowest average IQ Nicaragua
58%
Intentional death rate El Salvador
57%
Elephant population Malaysia
56%
Lowest average IQ Guatemala
55%
Intentional death rate Guyana
53%
% of income of the richest 1% Chile
52%
Lowest electricity access Papua New Guinea
52%
% of income of the richest 1% Lebanon
51%
Gini coefficient Suriname
51%
% of income of the richest 1% Turkey
50%
Lowest life expectancy Bolivia
49%
African population France
48%
Intentional death rate Jamaica
48%
HIV prevalence | Lowest average IQ Belize
47%
Unemployment rate Costa Rica
47%
Unemployment rate Jordan
47%
Hottest on average Palau
47%
Hottest on average Tuvalu
47%
Dependence on agriculture Tajikistan
46%
# of people per household | Fertility rate Samoa
45%
% of income of the richest 1% Qatar
44%
Most expensive phone data Turkmenistan
44%
Hottest on average | Poorest Kiribati
43%
Hottest on average | Lowest life expectancy Marshall Islands
43%
Highest poverty rate | Lowest average BMI East Timor
42%
Dependence on agriculture | Fertility rate | Highest poverty rate | +2 others Solomon Islands
42%
Dependence on agriculture | Most expensive phone data Micronesia
41%
Dependence on agriculture | Fertility rate | Lowest electricity access Vanuatu
41%
Gini coefficient | Unemployment rate Saint Lucia
39%
HIV prevalence Bahamas
37%
Hottest on average Maldives
37%
HIV prevalence Saint Vincent and the Grenadines
37%
HIV prevalence Barbados
36%
Intentional death rate Trinidad and Tobago
36%
Unemployment rate Georgia
29%
Most expensive phone data Switzerland
9%
Unemployment rate Montenegro
6%
No matching quizzes found
Score Distribution
Percent of People with Each Score
Percentile by Number Answered
Your Score History
You have not taken this quiz since the last reset